<?xml version="1.0" encoding="UTF-8"?>
<marc:record xmlns:marc="http://www.loc.gov/MARC21/slim">
   <marc:leader>00000nam a2200000 a 4500</marc:leader>
   <marc:datafield ind1=" " ind2=" " tag="653">
      <marc:subfield code="a">Energiegewinnung</marc:subfield>
   </marc:datafield>
   <marc:datafield ind1=" " ind2=" " tag="653">
      <marc:subfield code="a">Bohrturm</marc:subfield>
   </marc:datafield>
   <marc:datafield ind1=" " ind2=" " tag="653">
      <marc:subfield code="a">Erdöl</marc:subfield>
   </marc:datafield>
   <marc:datafield ind1=" " ind2=" " tag="653">
      <marc:subfield code="a">Kunststoff</marc:subfield>
   </marc:datafield>
   <marc:datafield ind1=" " ind2=" " tag="653">
      <marc:subfield code="a">Antolin</marc:subfield>
   </marc:datafield>
   <marc:datafield ind1=" " ind2=" " tag="653">
      <marc:subfield code="a">Klasse-6</marc:subfield>
   </marc:datafield>
   <marc:datafield ind1="0" ind2="0" tag="245">
      <marc:subfield code="a">Erdöl</marc:subfield>
   </marc:datafield>
   <marc:datafield ind1="0" ind2="0" tag="245">
      <marc:subfield code="b">die Macht des schwarzen Goldes</marc:subfield>
   </marc:datafield>
   <marc:datafield ind1=" " ind2="1" tag="264">
      <marc:subfield code="b">Gerstenberg</marc:subfield>
      <marc:subfield code="c">2008</marc:subfield>
   </marc:datafield>
   <marc:datafield ind1="1" ind2=" " tag="490">
      <marc:subfield code="a">Sehen Staunen Wissen</marc:subfield>
   </marc:datafield>
   <marc:datafield ind1="1" ind2=" " tag="520">
      <marc:subfield code="a">Ein Sachbilderbuch mit erläuternden Texten aus der bewährten Reihe "Sehen Staunen Wissen". (ab 12) (JN) Diese Buchreihe hat schon manches Referat in den Schulen ermöglicht. Bei dem vorliegenden Band wird ein umfassendes Bild dieses unsere Kultur bestimmenden Rohstoffes von der Entstehungsgeschichte bis zur Verarbeitung des Erdöls gezeichnet. Die politische Bedeutung des Erdöls wird ebenfalls thematisiert und es ist erfreulich, dass in den Schlusskapiteln die derzeitigen Alternativen zum vergänglichen Erdöl aufgezeigt werden. Wer packende Bilder mit kurzen Texten liebt, ist hier gut bedient. *bn* Josef Kunz</marc:subfield>
   </marc:datafield>
   <marc:datafield ind1=" " ind2=" " tag="020">
      <marc:subfield code="a">9783836955553</marc:subfield>
      <marc:subfield code="9">9783836955553</marc:subfield>
   </marc:datafield>
</marc:record>
